00679nam a2200193 a 450000100100000000500170001000800410002704000250006808200240009310000330011724501290015025000110027926000570029030000260034765000280037365000250040165000300042670000290045600001487920200929163921.0100126s1984 nq 000 p spa d aDO-SdBNPbspacBNPHU aN861.3bD218t, 19841 aDarío, Rubén,d1867-191610aTantos vigores dispersos :bideas sociales y políticas /cRubén Darío ; selección y notas de Jorge Eduardo Arellano. a2a ed. aManagua, Nicaragua :bDistribuidora Cultural,c1984. a138, [4] p. ;c21 cm. 4aPoesía nicaragüense 4aProsa nicaragüense 4aLiteratura nicaragüense1 aArellano, Jorge Eduardo,